Connais-tu vraiment tes classiques Disney - Statistiques

Statistiques générales
  • Ce quiz a été pris 69 fois
  • Le résultat moyen est 9 sur 15
Statistiques - réponses
Question Réponse % Correct
En quel animal se transforme Pinocchio ? âne
96%
Quel nain est habillé en vert ? simplet
87%
Quel est la première émotion de Riley ? la joie
85%
Quel jouet répare Clochette ? une boite à musique
85%
De quel instrument joue Louis dans la princesse et la grenouille ? de la trompette
83%
Sur le gâteau, dans quel gout tombe ralph ? du chocolats
68%
De quel couleur est le tee-shirt de Gus ? jaune
62%
Quel fruit vole Emile dans le garde manger ? du raisin
60%
De quel couleur est pâquerette ? verte
57%
Quel élément n'est pas libérer par Hadès ? l'eau
51%
Que faut t-il dire a Baymax pour qu'il se range ? je suis satisfait de mes soins
45%
De quel couleur est Iridessa ? jaune
34%
Quel personnage voit-on dans Wall-e ? rex
32%
Sans Flash, combien y'a t-il de voiture à Radiator Springs ? 11
30%
En quel animal Lady trémaine ne transforme pas les gardes ? chevre
28%
Aucun quiz correspondant
Distribution des résultats
% des personnes avec chaque résultat
Percentile par nombre de réponses
Votre historique - résultats
Vous n’avez pas pris ce quiz